000
00207 a2200097 4500
001
15458
100
_a
Pithras Bukhari
245
_a
Tanqeedy Maza
260
_a
_b
Maktaba Urdu Adab
_c
090
_c
12081
_d
12081
942
_a
NUST-CAE
_c
M
_c
2316
999
_c
250531
_d
250531